Geography Quiz

Random Geography or World Quiz

Most Expensive Cities Quiz Stats

 Plays Quiz Updated Oct 27, 2016

Score 0/30 Timer 08:00
11 Plays Today
Rank City % Correct
11.New York City, USA
95.8%
17.London, UK
90.5%
27.Los Angeles, USA
84.7%
28.Libreville, Gabon
81.5%
5.Tokyo, Japan
80.2%
2.Luanda, Angola
75.4%
13.Bern, Switzerland
67.3%
10.Beijing, China
67%
26.San Francisco, USA
61.1%
21.Dubai, UAE
57.5%
1.Hong Kong, China
52.8%
7.Shanghai, China
46.8%
4.Singapore, Singapore
38.8%
24.Copenhagen, Denmark
38.2%
15.Seoul, South Korea
37.4%
Rank City % Correct
25.Abu Dhabi, UAE
34%
9.N'Djamena, Chad
33.3%
3.Zürich, Switzerland
30.9%
8.Geneva, Switzerland
28.4%
22.Osaka, Japan
27.3%
18.Guangzhou, China
20.2%
19.Tel Aviv, Israel
19.2%
12.Shenzhen, China
10.1%
14.Lagos, Nigeria
9.1%
30.Tianjin, China
7.9%
6.Kinshasa, DRC
5%
29.Nanjing, China
4.6%
20.Abuja, Nigeria
3.8%
16.Victoria, Seychelles
2.9%
23.Brazzaville, Republic of the Congo
2.7%

You're not logged in!

Compare scores with friends on all Sporcle quizzes.
OR
Log In

Sporcle TV

Today on Sporcle TV


Watch our educational content, quiz creation guides, and fun videos on Sporcle TV.

Show Comments

Extras

Top Quizzes Today


Score Distribution

Your Account Isn't Verified!

In order to create a playlist on Sporcle, you need to verify the email address you used during registration. Go to your Sporcle Settings to finish the process.

Report this User

Report this user for behavior that violates our Community Guidelines.

Details: